Top 25 Business Simulation Video Games (IMDB) - Statistics

General Stats
  • This quiz has been taken 11 times
    4 since last reset
  • The average score is 4 of 25
Answer Stats
Video Game Year IMDB % Correct
RollerCoaster Tycoon 1999 8.3
75%
SimCity 1989 7.8
75%
RollerCoaster Tycoon 2 2002 8.6
50%
RollerCoaster Tycoon 3 2004 7.5
50%
Jurassic World Evolution 2018 7.5
25%
Prison Architect 2015 7.3
25%
Railroad Tycoon 1990 7.7
25%
Theme Hospital 1997 7.8
25%
Zoo Tycoon 2001 7.4
25%
Zoo Tycoon 2 2004 7.4
25%
Anno 1404 2009 8.0
0%
Anno 1602 1998 7.8
0%
Anno 1701 2006 7.4
0%
EVE Online 2003 7.7
0%
Freddy Fazbear's Pizzeria Simulator 2017 7.3
0%
Harvest Moon 1996 8.1
0%
Jurassic Park: Operation Genesis 2003 8.4
0%
Jurassic World Evolution 2 2021 7.5
0%
Planet Coaster 2016 7.6
0%
Stardew Valley 2016 8.5
0%
Theme Park 1994 7.5
0%
The Movies 2005 8.1
0%
Tropico 2001 7.3
0%
XCOM: Enemy Unknown 2012 8.3
0%
XCOM: Enemy Within 2013 8.6
0%
No matching quizzes found
Score Distribution
Percent of People with Each Score
Percentile by Number Answered
Your Score History
You have not taken this quiz since the last reset